The importance of solar resource usage in Internet of things (IoT)

Elmentve itt :
Bibliográfiai részletek
Szerzők: Pekez Jasmina
Desnica Eleonora
Radovanović Ljiljana
Dobrilović Dalibor
Radosav Dragica
Pálinkás Iván
Testületi szerző: International conference on science, technology, engineering and economy (2022) (Szeged)
Dokumentumtípus: Könyv része
Megjelent: Faculty of Engineering, University of Szeged Szeged 2022
Sorozat:International Conference on Science, Technology, Engineering and Economy
Kulcsszavak:Információs technológia - előadáskivonat, Napenergia felhasználása - előadáskivonat, Energiaforrások - környezetvédelem - előadáskivonat
Tárgyszavak:
Online Access:http://acta.bibl.u-szeged.hu/75232
LEADER 01254naa a2200277 i 4500
001 acta75232
005 20221108104649.0
008 220419s2022 hu o 1|| eng d
020 |a 978-963-306-853-3 
040 |a SZTE Egyetemi Kiadványok Repozitórium  |b hun 
041 |a eng 
100 1 |a Pekez Jasmina 
245 1 4 |a The importance of solar resource usage in Internet of things (IoT)  |h [elektronikus dokumentum] /  |c  Pekez Jasmina 
260 |a Faculty of Engineering, University of Szeged  |b Szeged  |c 2022 
300 |a 61 
490 0 |a International Conference on Science, Technology, Engineering and Economy 
650 4 |a Műszaki és technológiai tudományok 
650 4 |a Környezetmérnöki tudományok 
695 |a Információs technológia - előadáskivonat, Napenergia felhasználása - előadáskivonat, Energiaforrások - környezetvédelem - előadáskivonat 
700 0 1 |a Desnica Eleonora  |e aut 
700 0 1 |a Radovanović Ljiljana  |e aut 
700 0 1 |a Dobrilović Dalibor  |e aut 
700 0 1 |a Radosav Dragica  |e aut 
700 0 1 |a Pálinkás Iván  |e aut 
710 |a International conference on science, technology, engineering and economy (2022) (Szeged) 
856 4 0 |u http://acta.bibl.u-szeged.hu/75232/1/2022_icostee_061.pdf  |z Dokumentum-elérés